1159 1501 1700 1140 1818 1431 1524 1056 1638 1805 1578 1360 1267 1710 1830 1260 1059 1811 1200 1122 1136 1856 1028 1355 1135 1459 1720 1036 1913 1561 1840 1732 1583 1658 1492 1801 1333 1288 1568 1027 1803 1417 1307 1508 1199 1961 1891 1939 1234 1255 1377 1355 1713 1072 1286 1985 1587 1611 1855 1113 1188 1093 1767 1551 1628 1728 1864 1715 1726 1858 1887 1102 1243 1368 1833 1151 1556 1099 1275 1323 1458 1908 1134 1898 1410 1874 1597 1772 1689 1938 1622 1542 1333 1500 1292 1513 1875 1070 1043 BCNSPRNW ULIB Ver.6.0+V

เปลี่ยนเป็นภาษาไทย

Change to English
 แสดงรายละเอียดบรรณานุกรม
  กลับหน้าหลัก

Brief Record : Get Marc (ISO 2709) : E-mail record : QR code < ปิดหน้าต่าง
LEADER : 00000nam 2200000uu 4500
001    13399128341
003     ULIB
008    230613s2565||||th 000 0 tha d
020    ^a9786165934718
060    ^aWY152^bพ231ก
100    ^aพรชัย จูลเมตต์
245    ^aการพยาบาลผู้สูงอายุโรคหลอดเลือดสมอง/^cพรชัย จูลเมตต์
250    ^aพิมพ์ครั้งที่ 1
260    ^aชลบุรี :^bคณะพยาบาลศาสตร์ มหาวิทยาลัยบูรพา,^c2565
300    ^a142 หน้า;^c26 ซม.
650    ^aโรคหลอดเลือดสมอง^xการพยาบาล
945    ^p200^l0^i29599
945    ^p200^l0^i29600
945    ^p200^l0^i29601
945    ^p200^l0^i29602
945    ^p200^l0^i29603
999    ^aกัณชพร จุลอักษร
รายการนี้ยังไม่มีแท็ก
คุณยังไม่ได้ล็อกอิน คุณสามารถมีกิจกรรมร่วมกับเว็บไซต์ได้ แต่ต้องล็อกอินก่อน ::
  ล็อกอิน

รายการสื่อสารสนเทศ

ลำดับที่ ประเภท เลขเรียก/บาร์โค้ด สถานที่ สถานะ
1. หนังสือสำรอง
หนังสือสำรอง
WY152 พ231ก ฉ.1 
  Barcode: 29599
ห้องสมุดวิทยาเขตนครสวรรค์
►หนังสือทั่วไป:l:General Books
บนชั้น
2. วิทยาศาสตร์การแพทย์ และสุขภาพ
วิทยาศาสตร์การแพทย์ และสุขภาพ
WY152 พ231ก ฉ.2 
  Barcode: 29600
ห้องสมุดวิทยาเขตนครสวรรค์
►หนังสือทั่วไป:l:General Books
บนชั้น
3. วิทยาศาสตร์การแพทย์ และสุขภาพ
วิทยาศาสตร์การแพทย์ และสุขภาพ
WY152 พ231ก ฉ.3 
  Barcode: 29601
ห้องสมุดวิทยาเขตนครสวรรค์
►หนังสือทั่วไป:l:General Books
บนชั้น
4. วิทยาศาสตร์การแพทย์ และสุขภาพ
วิทยาศาสตร์การแพทย์ และสุขภาพ
WY152 พ231ก ฉ.4 
  Barcode: 29602
ห้องสมุดวิทยาเขตนครสวรรค์
►หนังสือทั่วไป:l:General Books
บนชั้น
5. วิทยาศาสตร์การแพทย์ และสุขภาพ
วิทยาศาสตร์การแพทย์ และสุขภาพ
WY152 พ231ก ฉ.5 
  Barcode: 29603
ห้องสมุดวิทยาเขตนครสวรรค์
►หนังสือทั่วไป:l:General Books
บนชั้น

รายการใกล้เคียง
    ผู้แต่ง [พรชัย จูลเมตต์]

BibComment


ยังไม่เคยถูกคอมเมนท์

คอมเมนท์ทรัพยากรรายการนี้
  คอมเมนท์: การพยาบาลผู้สูงอ..


 Copyright 2026. Bcnsprnw @Library